| 000 | 00681nam a2200241 a 4500 | ||
|---|---|---|---|
| 008 | |||
| 020 | _a044441830x (pbk.) | ||
| 090 | _aTN871 | ||
| 100 | 1 | _aDAKE, L. P. | |
| 245 | 1 | 0 |
_aFundamentals of Resevoir Engineering / _cL. P. Dake. |
| 260 |
_aAmsterdam : _bElsevier Scientific, _c1983 |
||
| 300 |
_axv, 443 p. : _bill. ; _c24cm. |
||
| 440 |
_aDevelopments in petroleum science ; _vno.8 |
||
| 500 | _aIncludes index | ||
| 650 | _aEngineering | ||
| 650 | 1 | _aPetroleum Science | |
| 907 |
_a.b10170352 _b05-08-05 _c02-08-05 |
||
| 003 | |||
| 005 | 20230123134044.0 | ||
| 040 | _cNUST | ||
| 049 | _aMAIN | ||
| 942 |
_cBOOKS _kTN871 |
||
| 999 |
_c159253 _d159253 |
||